5HLuxD.jpg

KING HENRY VIII SENIOR AND PRIMARY SCHOOL LIBRARY OPAC

Yey, Jom Beraya! / (Record no. 3261)

000 -LEADER
fixed length control field 00668nam a22002057a 4500
003 - CONTROL NUMBER IDENTIFIER
control field OSt
005 - DATE AND TIME OF LATEST TRANSACTION
control field 20231109155627.0
008 - FIXED-LENGTH DATA ELEMENTS--GENERAL INFORMATION
fixed length control field 231109b ||||| |||| 00| 0 eng d
020 ## - INTERNATIONAL STANDARD BOOK NUMBER
International Standard Book Number 9789670675336
040 ## - CATALOGING SOURCE
Transcribing agency KH8
082 ## - DEWEY DECIMAL CLASSIFICATION NUMBER
Classification number 400 EZA
100 ## - MAIN ENTRY--PERSONAL NAME
Personal name Ezaty Mazlan,
Relator term author.
245 ## - TITLE STATEMENT
Title Yey, Jom Beraya! /
Statement of responsibility, etc. Ezaty Mazlan.
300 ## - PHYSICAL DESCRIPTION
Extent 24 pages :
Other physical details color illustrations ;
Dimensions 19 cm x 26 cm.
440 ## - SERIES STATEMENT/ADDED ENTRY--TITLE
Title Siri Info Aktiviti Tradisi
520 ## - SUMMARY, ETC.
Summary, etc. Siri ini memberi peluang kepada pelajar untuk mengetahui dan berkongsi pengalaman melalui cerita dalam siri ini.
650 ## - SUBJECT ADDED ENTRY--TOPICAL TERM
Topical term or geographic name entry element Malay language
Form subdivision Foreign language
830 ## - SERIES ADDED ENTRY--UNIFORM TITLE
Uniform title Siri Info Aktiviti Tradisi
942 ## - ADDED ENTRY ELEMENTS (KOHA)
Source of classification or shelving scheme
Koha item type Teaching Resources
Holdings
Withdrawn status Lost status Source of classification or shelving scheme Damaged status Not for loan Collection code Permanent Location Current Location Shelving location Date acquired Full call number Barcode Date last seen Price effective from Koha item type
          Teaching Resources KH8 Senior School Library KH8 Senior School Library Staff Office 2023-11-09 400 EZA TRKHSL005007 2023-11-09 2023-11-09 Teaching Resources

Powered By KH8 IT Dept